000 00691nam a2200229 a 4500
005 20250110063753.0
008 991125m19921998mx 000 0 spa u
020 _a9681638581
035 _aUPN01000013410
049 _aCG
050 4 _aHX806
_bA3.3
100 1 _aAinsa, Fernando,
_d1937-
_930206
245 1 0 _aDe la edad de oro a El dorado :
_bgénesis del discurso utópico americano /
_cFernando Ainsa.
260 _aMéxico :
_bFCE,
_c1992 (1998 impr.).
300 _a212 p.
440 0 _aTierra firme
650 4 _aUtopías
_917449
650 4 _aMITOS GEOGRAFICOS
_99752
650 4 _aEL DORADO
_915248
651 4 _aAmérica
_xDescubrimiento y exploración
_92370
905 _aLibro
999 _c13410
_d13410